| 000 | 00345nam a22001457a 4500 | ||
|---|---|---|---|
| 008 | 160216b xxu||||| |||| 00| 0 eng d | ||
| 020 | _a9780073367965 | ||
| 020 | _a0073367966 | ||
| 020 | _a9780077354794 | ||
| 020 | _a0077354796 | ||
| 041 | _aeng | ||
| 080 | _a530.1 | ||
| 245 | 1 | 0 |
_aPhysics: _cWolfgang Bauer; Gary D.Westfall; |
| 942 |
_2udc _cBK |
||
| 999 |
_c1418 _d1418 |
||